[Event "III Festival A"]
[Site "Lido degli Estensi - Comacchio ITA"]
[Date "2002.06.10"]
[Round "3"]
[White "Skembris, Spyridon"]
[Black "Sulava, Nenad"]
[Result "1/2-1/2"]
[WhiteElo "2429"]
[BlackElo "2548"]
[PlyCount "54"]
[EventDate "2002.06.07"]

1. d4 Nf6 2. c4 e6 3. Nf3 Bb4+ 4. Bd2 Qe7 5. Nc3 O-O 6. g3 Nc6 7. Bg2 Na5 8. b3
b6 9. Nb5 c6 10. Nc3 d5 11. Ne5 Ba6 12. c5 Qc7 13. Na4 Bxd2+ 14. Qxd2 Bb5 15.
Rc1 Bxa4 16. bxa4 Nd7 17. Nxd7 Qxd7 18. O-O Nc4 19. Qb4 a5 20. Qc3 bxc5 21.
dxc5 Qa7 22. Be4 Rab8 23. Bd3 Qxc5 24. Bxc4 Qxc4 25. Qxc4 dxc4 26. Rxc4 Rb2 27.
Rc5 Rxe2 1/2-1/2

[Event "III Festival A"]
[Site "Lido degli Estensi - Comacchio ITA"]
[Date "2002.06.10"]
[Round "3"]
[White "Timoscenko, Gennadij A."]
[Black "Mrdja, Milan"]
[Result "1-0"]
[WhiteElo "2522"]
[BlackElo "2411"]
[PlyCount "81"]
[EventDate "2002.06.07"]

1. Nf3 Nf6 2. c4 g6 3. Nc3 Bg7 4. e4 d6 5. d4 O-O 6. Be2 Bg4 7. Be3 Nfd7 8. Rc1
Na6 9. O-O c5 10. d5 Nc7 11. h3 Bxf3 12. Bxf3 a6 13. a4 Qb8 14. Be2 e6 15. Qd2
exd5 16. exd5 f5 17. Rce1 Ne5 18. f4 Nf7 19. Bd3 Qd8 20. g3 Qd7 21. a5 Rab8 22.
b3 Rbe8 23. Kg2 Re7 24. Bf2 Rxe1 25. Rxe1 Rb8 26. Na4 Re8 27. Nb6 Qd8 28. b4
Rxe1 29. Qxe1 cxb4 30. Qxb4 Ne8 31. Qe1 Nc7 32. Bc2 Bf6 33. Qe3 Kg7 34. Ba4 g5
35. Nd7 gxf4 36. Qxf4 Be5 37. Qxf5 Qg5 38. Qxg5+ Nxg5 39. Bb6 Na8 40. c5 Nxb6
41. axb6 1-0

[Event "III Festival A"]
[Site "Lido degli Estensi - Comacchio ITA"]
[Date "2002.06.10"]
[Round "3"]
[White "Troffiguer, Olivier"]
[Black "Ortega, Lexy"]
[Result "0-1"]
[WhiteElo "2148"]
[BlackElo "2463"]
[PlyCount "60"]
[EventDate "2002.06.07"]

1. d4 d5 2. Nf3 c6 3. c4 e6 4. Qb3 dxc4 5. Qxc4 b5 6. Qd3 a6 7. g3 Bb7 8. Bg2
c5 9. O-O Nc6 10. Nc3 Nxd4 11. Nxd4 Bxg2 12. Kxg2 cxd4 13. Ne4 Qd5 14. Kg1 Be7
15. a4 b4 16. Bd2 h6 17. f3 f5 18. Nf2 Nf6 19. e4 dxe3 20. Qxe3 Bc5 21. Qe2 O-O
22. Rfd1 Qb3 23. Be1 Rfd8 24. Kg2 a5 25. Nd3 Bd4 26. Rac1 e5 27. Nc5 Qe3 28.
Qc4+ Kh7 29. Ne6 Rdc8 30. Nc7 Rxc7 0-1

[Event "III Festival A"]
[Site "Lido degli Estensi - Comacchio ITA"]
[Date "2002.06.10"]
[Round "3"]
[White "Van Hoolandt, Patrick"]
[Black "Dervishi, Erald"]
[Result "0-1"]
[WhiteElo "2157"]
[BlackElo "2523"]
[PlyCount "71"]
[EventDate "2002.06.07"]

1. c4 Nf6 2. g3 e6 3. Nf3 d5 4. b3 Be7 5. Bg2 O-O 6. O-O c5 7. e3 Nc6 8. Bb2
Qc7 9. Qe2 Rd8 10. Rd1 b6 11. Nc3 Bb7 12. cxd5 exd5 13. d4 a6 14. Rac1 Rac8 15.
dxc5 bxc5 16. Na4 Ne4 17. Nd2 Ne5 18. f4 Nd7 19. Nxe4 dxe4 20. Bh3 Bc6 21. Qxa6
Ra8 22. Qc4 Bxa4 23. bxa4 Nb6 24. Qxe4 Rxa4 25. Qb1 Nc4 26. Rxd8+ Qxd8 27. Ba1
Nxe3 28. Qb3 Qd2 29. Qb8+ Bf8 30. Qb2 Qxb2 31. Bxb2 Rxa2 32. Rb1 h5 33. Bd7 c4
34. Bd4 Nc2 35. Bf2 Nb4 36. Bf5 0-1

[Event "III Festival A"]
[Site "Lido degli Estensi - Comacchio ITA"]
[Date "2002.06.10"]
[Round "3"]
[White "Wohl, Aleksandar H."]
[Black "Chatalbashev, Boris"]
[Result "1-0"]
[WhiteElo "2388"]
[BlackElo "2537"]
[PlyCount "83"]
[EventDate "2002.06.07"]

1. e4 c5 2. Nf3 g6 3. c3 Bg7 4. d4 cxd4 5. cxd4 d5 6. exd5 Nf6 7. Bb5+ Nbd7 8.
Nc3 O-O 9. O-O Nb6 10. Re1 Nbxd5 11. Bc4 b6 12. Qb3 Bb7 13. Ne5 e6 14. Bg5 Nxc3
15. bxc3 h6 16. Bh4 g5 17. Bg3 Bd5 18. Rad1 Rc8 19. Bxd5 exd5 20. c4 Re8 21. h4
dxc4 22. Nxc4 Rxe1+ 23. Rxe1 gxh4 24. Be5 Qd5 25. Nd6 Qxb3 26. axb3 Rc6 27. Nf5
Bf8 28. Nxh4 Nd5 29. Nf5 f6 30. Bg3 Kf7 31. Ne3 Bb4 32. Ra1 Nxe3 33. Rxa7+ Kg6
34. fxe3 Rc3 35. Bf4 Rxb3 36. Rb7 Bf8 37. Kf2 b5 38. d5 b4 39. d6 Rd3 40. d7
Kf5 41. Ke2 Ke4 42. Rc7 1-0

[Event "III Festival A"]
[Site "Lido degli Estensi - Comacchio ITA"]
[Date "2002.06.11"]
[Round "4"]
[White "Cebalo, Miso"]
[Black "Lamoureux, Charles"]
[Result "1-0"]
[WhiteElo "2515"]
[BlackElo "2386"]
[PlyCount "81"]
[EventDate "2002.06.07"]

1. d4 Nf6 2. c4 e6 3. Nc3 d5 4. Bg5 c6 5. e3 Nbd7 6. cxd5 exd5 7. Bd3 Be7 8.
Qc2 O-O 9. Nge2 Re8 10. O-O Nf8 11. f3 Be6 12. Rad1 Ng6 13. e4 dxe4 14. fxe4
Ng4 15. Bxe7 Rxe7 16. Qc1 c5 17. d5 Qd6 18. Ng3 Bd7 19. Bb5 c4 20. Bxd7 Qc5+
21. Kh1 Rxd7 22. Qd2 b5 23. Nf5 b4 24. Na4 Qa5 25. b3 N4e5 26. Qd4 Rc8 27. Nb2
c3 28. Nd3 f6 29. Qxb4 Qxb4 30. Nxb4 a5 31. Nc2 a4 32. Kg1 axb3 33. axb3 Rb7
34. Nd6 Rcb8 35. Nxb7 Rxb7 36. b4 Nc4 37. Rf3 Nd2 38. Rxc3 Nxe4 39. Rc8+ Kf7
40. d6 Rd7 41. Rc7 1-0

[Event "III Festival A"]
[Site "Lido degli Estensi - Comacchio ITA"]
[Date "2002.06.11"]
[Round "4"]
[White "Cedikova, Katerina"]
[Black "Bukal, Vladimir sr"]
[Result "0-1"]
[WhiteElo "2168"]
[BlackElo "2432"]
[PlyCount "60"]
[EventDate "2002.06.07"]

1. d4 d5 2. c4 c6 3. Nf3 Nf6 4. Nc3 a6 5. a4 e6 6. Bg5 Nbd7 7. e3 Qa5 8. Nd2
Bb4 9. Rc1 Ne4 10. Ndxe4 dxe4 11. Bh4 O-O 12. c5 b6 13. Bc4 bxc5 14. O-O Nb6
15. dxc5 Nxc4 16. Nxe4 f5 17. Rxc4 fxe4 18. Qd4 Rb8 19. Qxe4 Qxa4 20. Be7 Re8
21. Qe5 Rb7 22. Bd6 Qb3 23. Qh5 g6 24. Rg4 Rg7 25. Qg5 e5 26. Re4 Ba5 27. Bxe5
Rf7 28. Qh6 Bf5 29. Bc3 Bxe4 30. Bxa5 Qxb2 0-1

[Event "III Festival A"]
[Site "Lido degli Estensi - Comacchio ITA"]
[Date "2002.06.11"]
[Round "4"]
[White "Chabanon, Jean-Luc"]
[Black "Molina, Fabrizio"]
[Result "1-0"]
[WhiteElo "2483"]
[BlackElo "2278"]
[PlyCount "73"]
[EventDate "2002.06.07"]

1. d4 d5 2. c4 e6 3. Nf3 c5 4. cxd5 exd5 5. g3 Nc6 6. Bg2 Nf6 7. O-O Be7 8. Nc3
O-O 9. Bg5 cxd4 10. Nxd4 h6 11. Be3 Re8 12. Rc1 Bg4 13. h3 Be6 14. a3 Qd7 15.
Nxe6 fxe6 16. Qc2 Bf8 17. Rcd1 Qf7 18. f4 Red8 19. Bf2 Rac8 20. Qa4 Kh8 21. e4
b6 22. exd5 exd5 23. g4 Na5 24. g5 Nh5 25. Nxd5 Rc4 26. b4 Rdc8 27. Rd4 Ng3 28.
Re1 Nf5 29. Rd2 hxg5 30. Qd1 Rc1 31. Qe2 Rxe1+ 32. Qxe1 Nb3 33. Rd1 gxf4 34.
Nxf4 Nfd4 35. Be3 Nf5 36. Bd5 Qe7 37. Ng6+ 1-0

[Event "III Festival A"]
[Site "Lido degli Estensi - Comacchio ITA"]
[Date "2002.06.11"]
[Round "4"]
[White "Chatalbashev, Boris"]
[Black "Navarro, Stefano"]
[Result "1-0"]
[WhiteElo "2537"]
[BlackElo "2148"]
[PlyCount "96"]
[EventDate "2002.06.07"]

1. d4 d5 2. c4 e6 3. Nc3 Nf6 4. cxd5 exd5 5. Bg5 Be7 6. e3 c6 7. Bd3 Nbd7 8.
Nf3 O-O 9. Qc2 Re8 10. O-O h6 11. Bf4 Bb4 12. h3 Qe7 13. a3 Bd6 14. Bxd6 Qxd6
15. b4 b6 16. Rac1 Bb7 17. Rfe1 a5 18. Qb3 axb4 19. axb4 Ne4 20. Bxe4 dxe4 21.
Nd2 Nf6 22. Ra1 Qe7 23. Reb1 Rab8 24. Ra7 Qf8 25. Nc4 Bc8 26. Ne5 Be6 27. Qc2
Rbc8 28. Nxe4 Nd5 29. Qb2 Re7 30. Rxe7 Qxe7 31. Nc3 Bf5 32. Nxd5 cxd5 33. Ra1
f6 34. Nf3 Rc4 35. Qa2 Be4 36. Nd2 Rxb4 37. Qa8+ Kh7 38. Ra7 Qd6 39. Qb7 Qf8
40. Nxe4 dxe4 41. Qxe4+ f5 42. Qe5 Rb1+ 43. Kh2 Rb2 44. f4 Rc2 45. d5 b5 46.
Rb7 b4 47. d6 Rd2 48. d7 Qd8 1-0

[Event "III Festival A"]
[Site "Lido degli Estensi - Comacchio ITA"]
[Date "2002.06.11"]
[Round "4"]
[White "Georgiev, Vladimir"]
[Black "Peek, Marcel"]
[Result "1-0"]
[WhiteElo "2502"]
[BlackElo "2345"]
[PlyCount "85"]
[EventDate "2002.06.07"]

1. e4 c5 2. Nf3 d6 3. d4 cxd4 4. Nxd4 Nf6 5. Nc3 Nc6 6. g3 Bg4 7. f3 Nxd4 8.
Qxd4 Bd7 9. Bg5 e6 10. Nb5 Be7 11. O-O-O Bxb5 12. Bxb5+ Kf8 13. Bc4 Qa5 14.
Bxf6 gxf6 15. f4 Rc8 16. Bb3 Qc5 17. f5 Qxd4 18. Rxd4 e5 19. Ra4 a6 20. Bd5 Rc7
21. Rb4 b5 22. a4 bxa4 23. Rxa4 Ra7 24. b4 Bd8 25. Kd2 Bb6 26. Rha1 Ke7 27.
Rxa6 Rxa6 28. Rxa6 Rb8 29. c3 Bg1 30. Kd3 h5 31. Ra1 Bf2 32. Ra2 Bb6 33. Kc4
Be3 34. Bc6 Kd8 35. Ra6 Bg1 36. h3 Bf2 37. g4 hxg4 38. hxg4 Be3 39. Ba4 Bb6 40.
Kd5 Ke7 41. Kc6 Bf2 42. Kc7 Rg8 43. Bc6 1-0

[Event "III Festival A"]
[Site "Lido degli Estensi - Comacchio ITA"]
[Date "2002.06.11"]
[Round "4"]
[White "Iordachescu, Viorel"]
[Black "Brumen, Dinko"]
[Result "1-0"]
[WhiteElo "2555"]
[BlackElo "2408"]
[PlyCount "81"]
[EventDate "2002.06.07"]

1. e4 c6 2. d4 d5 3. e5 Bf5 4. Nf3 e6 5. Be2 Ne7 6. O-O h6 7. Nbd2 Nd7 8. Re1
g5 9. Nf1 c5 10. c4 Bg7 11. Ne3 Be4 12. cxd5 exd5 13. Ng4 cxd4 14. Bd3 Nc6 15.
h4 gxh4 16. Nxd4 Bxd3 17. Nxc6 bxc6 18. Qxd3 Nc5 19. Qc3 Ne4 20. Qxc6+ Kf8 21.
Bf4 Rc8 22. Qa6 Qd7 23. Rac1 Re8 24. f3 Qf5 25. Qa3+ Kg8 26. Qe3 Ng5 27. Bxg5
hxg5 28. Rcd1 Rd8 29. Rd4 h3 30. Qd3 Qe6 31. g3 f5 32. Nf2 Bxe5 33. Qe3 Re8 34.
Qxg5+ Kf7 35. Ra4 Qd7 36. Ra6 Reg8 37. Qe3 Rxg3+ 38. Kh1 Bb8 39. Re6 Bd6 40.
Qd4 Qd8 41. Qxd5 1-0

[Event "III Festival A"]
[Site "Lido degli Estensi - Comacchio ITA"]
[Date "2002.06.11"]
[Round "4"]
[White "Isonzo, David"]
[Black "Rotstein, Arkadij"]
[Result "0-1"]
[WhiteElo "2360"]
[BlackElo "2553"]
[PlyCount "72"]
[EventDate "2002.06.07"]

1. e4 c5 2. Nf3 e6 3. d4 cxd4 4. Nxd4 a6 5. Bd3 Qb6 6. c3 Nc6 7. Be3 Qc7 8. Nd2
Nf6 9. a4 Be7 10. O-O d5 11. Nxc6 bxc6 12. exd5 cxd5 13. c4 Bb7 14. Rc1 d4 15.
Bxd4 Rd8 16. Bxf6 gxf6 17. Qb3 f5 18. c5 Rg8 19. c6 Bxc6 20. g3 Qb7 21. Qc4 Bg2
22. Rfd1 Rg4 23. f4 Bf6 24. Be4 Bxe4 25. Nxe4 Rxd1+ 26. Rxd1 fxe4 27. b4 Kf8
28. b5 axb5 29. axb5 Rg8 30. f5 exf5 31. Qc5+ Kg7 32. Qxf5 Qb6+ 33. Kg2 Qe6 34.
Qf4 Rc8 35. Rd6 Rc2+ 36. Kh1 Qe5 0-1

[Event "III Festival A"]
[Site "Lido degli Estensi - Comacchio ITA"]
[Date "2002.06.11"]
[Round "4"]
[White "Kort, Jacob"]
[Black "Schmitz, Manuela"]
[Result "1-0"]
[WhiteElo "2250"]
[BlackElo "2082"]
[PlyCount "59"]
[EventDate "2002.06.07"]

1. d4 d5 2. c4 dxc4 3. Nf3 Nf6 4. e3 Bg4 5. Bxc4 e6 6. Nc3 Nbd7 7. h3 Bh5 8.
O-O Bd6 9. Be2 O-O 10. b3 c5 11. Bb2 cxd4 12. Nxd4 Bxe2 13. Qxe2 Rc8 14. Rfd1
Qe7 15. Ndb5 Bb8 16. Na4 b6 17. Ba3 Nc5 18. Nxc5 bxc5 19. Rac1 a6 20. Nc3 Qc7
21. g3 Qa5 22. Na4 Ne4 23. Qc4 Ng5 24. Qg4 h6 25. h4 f5 26. Qc4 Nf3+ 27. Kg2
Ne5 28. Qxe6+ Kh8 29. Rxc5 Rxc5 30. Bxc5 1-0

[Event "III Festival A"]
[Site "Lido degli Estensi - Comacchio ITA"]
[Date "2002.06.11"]
[Round "4"]
[White "Laketic, Gojko"]
[Black "Galego, Luis"]
[Result "1/2-1/2"]
[WhiteElo "2446"]
[BlackElo "2532"]
[PlyCount "100"]
[EventDate "2002.06.07"]

1. d4 d6 2. e4 c6 3. c4 e5 4. Nf3 Bg4 5. Be3 exd4 6. Bxd4 Nf6 7. Nc3 Be7 8. Be2
O-O 9. O-O Nbd7 10. Re1 Re8 11. Nd2 Bxe2 12. Rxe2 Bf8 13. Qb3 Qc7 14. Rd1 a6
15. a4 Re6 16. Nf1 Rae8 17. f3 Nh5 18. Red2 Rg6 19. Ne2 Ne5 20. Kh1 Qe7 21.
Bxe5 dxe5 22. g4 Nf4 23. Ne3 h5 24. Nxf4 exf4 25. Nf5 Qe6 26. gxh5 Rg5 27. Qxb7
Qxc4 28. Qd7 Rxe4 29. Nd6 Qb3 30. Qxf7+ Qxf7 31. Nxf7 Kxf7 32. fxe4 Ke6 33. Rd8
Bc5 34. Rc8 Ke5 35. Re8+ Kf6 36. Rc1 Kf7 37. Rc8 Be3 38. Rf1 Rc5 39. b4 Rc4 40.
b5 cxb5 41. Ra8 Rxa4 42. e5 Re4 43. Rxa6 Rxe5 44. h6 gxh6 45. Rxh6 b4 46. Rh7+
Kg6 47. Rb7 Bd2 48. Rd7 Re2 49. Rd5 Kf6 50. Rb5 Re5 1/2-1/2

[Event "III Festival A"]
[Site "Lido degli Estensi - Comacchio ITA"]
[Date "2002.06.11"]
[Round "4"]
[White "Misanovic, Vesna"]
[Black "Jaracz, Pawel"]
[Result "0-1"]
[WhiteElo "2347"]
[BlackElo "2506"]
[PlyCount "68"]
[EventDate "2002.06.07"]

1. d4 Nf6 2. c4 e6 3. Nc3 Bb4 4. e3 c5 5. Nf3 Nc6 6. Bd3 Bxc3+ 7. bxc3 d6 8.
O-O e5 9. d5 Ne7 10. Nd2 O-O 11. Qc2 g6 12. f4 exf4 13. exf4 Bf5 14. Rb1 Qd7
15. Nf3 Bxd3 16. Qxd3 Nf5 17. h3 h5 18. Bd2 Rfe8 19. Ng5 Re7 20. Rfe1 Rae8 21.
Rxe7 Rxe7 22. Re1 h4 23. Nf3 Nh5 24. Rxe7 Qxe7 25. Kh2 Kf8 26. a4 b6 27. Qb1
Qe2 28. a5 bxa5 29. Qb8+ Kg7 30. Qc7 Nhg3 31. Ng5 Qe7 32. Qxe7 Nxe7 33. Nf3 Nc8
34. Nxh4 Nf1+ 0-1

[Event "III Festival A"]
[Site "Lido degli Estensi - Comacchio ITA"]
[Date "2002.06.11"]
[Round "4"]
[White "Mitkov, Nikola"]
[Black "Nevednichy, Vladislav"]
[Result "1/2-1/2"]
[WhiteElo "2493"]
[BlackElo "2560"]
[PlyCount "87"]
[EventDate "2002.06.07"]

1. e4 e5 2. Bc4 Nf6 3. d3 Nc6 4. Nc3 Na5 5. Nge2 c6 6. a4 d5 7. exd5 cxd5 8.
Bb5+ Nc6 9. f4 exf4 10. Bxf4 d4 11. Nb1 Nd5 12. O-O Nxf4 13. Rxf4 Bd6 14. Re4+
Be6 15. Nxd4 Bc5 16. Bxc6+ bxc6 17. Rxe6+ Kf8 18. Rxc6 Bxd4+ 19. Kh1 Bxb2 20.
Ra2 Qd5 21. Rc4 Rd8 22. Qf1 Be5 23. Nd2 g6 24. Nf3 Bf6 25. Ra3 Kg7 26. Rb3 Rb8
27. h3 Rxb3 28. cxb3 a5 29. d4 h5 30. Qd3 Rd8 31. Qe3 Rb8 32. Nd2 Rd8 33. Nf3
Rb8 34. Rc3 Rb4 35. Rd3 Rb6 36. Rc3 Re6 37. Qd3 Qd6 38. Rc1 Qf4 39. Rf1 Re3 40.
Qd1 Qb8 41. Nd2 Qg3 42. Nf3 Qb8 43. Nd2 Qg3 44. Nf3 1/2-1/2

[Event "III Festival A"]
[Site "Lido degli Estensi - Comacchio ITA"]
[Date "2002.06.11"]
[Round "4"]
[White "Mrdja, Milan"]
[Black "Brancaleoni, Maurizio"]
[Result "1-0"]
[WhiteElo "2411"]
[BlackElo "2246"]
[PlyCount "81"]
[EventDate "2002.06.07"]

1. e4 e5 2. Nf3 Nc6 3. Bb5 f5 4. Nc3 fxe4 5. Nxe4 Nf6 6. Qe2 d5 7. Ng3 Bd6 8.
Nxe5 O-O 9. Bxc6 bxc6 10. O-O c5 11. c3 Bxe5 12. Qxe5 Ng4 13. Qe2 Re8 14. Qd1
Qh4 15. h3 Nxf2 16. Rxf2 Qxg3 17. d4 cxd4 18. Bf4 Qg6 19. Qxd4 c6 20. Kh2 Bf5
21. Rd1 Be4 22. Re1 Re6 23. Re3 Qf6 24. Qa4 Qe7 25. Rg3 Bg6 26. b3 Re8 27. Qa5
Re1 28. Bg5 Qd6 29. Rff3 Rd1 30. Be3 Bh5 31. Bf4 Ree1 32. Rxg7+ Kxg7 33. Bxd6
Bxf3 34. gxf3 Re6 35. Qc7+ Kf6 36. Qd8+ Kg6 37. Qg8+ Kf6 38. Qf8+ Kg6 39. Qf4
Re2+ 40. Kg3 Rg1+ 41. Kh4 1-0

[Event "III Festival A"]
[Site "Lido degli Estensi - Comacchio ITA"]
[Date "2002.06.11"]
[Round "4"]
[White "Ortega, Lexy"]
[Black "Happel, Hendrik A."]
[Result "1-0"]
[WhiteElo "2463"]
[BlackElo "2255"]
[PlyCount "69"]
[EventDate "2002.06.07"]

1. d4 Nf6 2. Nf3 e6 3. Bf4 c5 4. e3 Nc6 5. Nbd2 Be7 6. c3 O-O 7. Bd3 b6 8. h4
Bb7 9. Qe2 Rc8 10. Rd1 d6 11. Ne4 Nxe4 12. Bxe4 f5 13. Bc2 Qc7 14. Ng5 Nd8 15.
Qh5 Bxg5 16. hxg5 g6 17. Qh2 Rf7 18. dxc5 Qxc5 19. Bxd6 Qb5 20. Bb3 a5 21. Qe5
Qxe5 22. Bxe5 Bxg2 23. Rh2 Bf3 24. Rd6 b5 25. a3 b4 26. axb4 axb4 27. Rh4 bxc3
28. Bxc3 Ra7 29. Rhd4 Ra1+ 30. Kd2 Raa8 31. Rd7 Bd5 32. R4xd5 exd5 33. Bxd5+
Kf8 34. Bb4+ Ke8 35. Re7+ 1-0

[Event "III Festival A"]
[Site "Lido degli Estensi - Comacchio ITA"]
[Date "2002.06.11"]
[Round "4"]
[White "Popa, Claudiu"]
[Black "Groffen, Hans"]
[Result "1/2-1/2"]
[WhiteElo "2077"]
[BlackElo "2230"]
[PlyCount "125"]
[EventDate "2002.06.07"]

1. e4 e6 2. d4 d5 3. Nd2 Nf6 4. e5 Nfd7 5. Bd3 c5 6. c3 Nc6 7. Ne2 cxd4 8. cxd4
f6 9. exf6 Nxf6 10. O-O Bd6 11. Nf3 Qc7 12. Ng3 O-O 13. Bd2 Bd7 14. Bc3 g6 15.
Rc1 Ng4 16. Bb1 Bf4 17. Rc2 Qd6 18. Re1 Rae8 19. Rce2 a5 20. a3 b5 21. Bd2 b4
22. axb4 Nxb4 23. Bxf4 Qxf4 24. Qd2 Qxd2 25. Rxd2 Bb5 26. h3 Nh6 27. Ne5 Rc8
28. Nd3 Bxd3 29. Bxd3 Kf7 30. Bb5 Rfd8 31. Ra1 Rc2 32. Rxc2 Nxc2 33. Ra4 Rb8
34. Bd3 Rxb2 35. Bxc2 Rxc2 36. Rxa5 Rc1+ 37. Kh2 Kf6 38. Ra7 Nf7 39. Ra2 Rd1
40. Ne2 Nd6 41. Ra6 Nb5 42. Rb6 Nxd4 43. Nc3 Rd2 44. Nxd5+ Kf5 45. Ne7+ Ke4 46.
Kg3 e5 47. f3+ Kd3 48. Rd6 Ke2 49. Ra6 Nf5+ 50. Nxf5 gxf5 51. Re6 Rd5 52. Re7
h5 53. Re8 Ke3 54. Kh4 e4 55. Kxh5 Kf4 56. fxe4 fxe4+ 57. Kh4 e3 58. Rf8+ Rf5
59. g3+ Ke4 60. Ra8 e2 61. Ra4+ Ke3 62. Ra3+ Kf2 63. Ra2 1/2-1/2

[Event "III Festival A"]
[Site "Lido degli Estensi - Comacchio ITA"]
[Date "2002.06.11"]
[Round "4"]
[White "Rebers, Eugene H."]
[Black "Dubois, Martine"]
[Result "1-0"]
[WhiteElo "2342"]
[BlackElo "2040"]
[PlyCount "73"]
[EventDate "2002.06.07"]

1. Nf3 Nc6 2. c4 e5 3. d3 g6 4. g3 Bg7 5. Bg2 Nge7 6. Nc3 O-O 7. O-O d6 8. Rb1
f5 9. Bd2 Bd7 10. b4 Qe8 11. Qb3 Nd8 12. Nb5 Bxb5 13. cxb5+ Kh8 14. Rbc1 c6 15.
bxc6 bxc6 16. e4 Qd7 17. Rfe1 Ne6 18. d4 Nxd4 19. Nxd4 exd4 20. exf5 gxf5 21.
Qe6 Qxe6 22. Rxe6 Nc8 23. Bxc6 Rb8 24. b5 a6 25. bxa6 Rb2 26. Bf4 Rxa2 27. Bb7
Na7 28. Bxd6 d3 29. Rd1 Re2 30. Bxf8 Rxe6 31. Bxg7+ Kxg7 32. Rxd3 Nc6 33. Bxc6
Rxc6 34. Ra3 Rc8 35. a7 Ra8 36. Ra6 Kf7 37. Kg2 1-0

[Event "III Festival A"]
[Site "Lido degli Estensi - Comacchio ITA"]
[Date "2002.06.11"]
[Round "4"]
[White "Ricci, Alfredo"]
[Black "Olarasu, Gabriela"]
[Result "0-1"]
[WhiteElo "2054"]
[BlackElo "2289"]
[PlyCount "46"]
[EventDate "2002.06.07"]

1. e4 e5 2. Nf3 d6 3. d4 exd4 4. Nxd4 Nf6 5. Nc3 Be7 6. Be2 O-O 7. O-O Re8 8.
Re1 Bf8 9. Bf3 c6 10. Bf4 Nbd7 11. h3 Ne5 12. Bg3 Qb6 13. Rb1 Bxh3 14. Nf5 Bxf5
15. exf5 Nxf3+ 16. gxf3 Rxe1+ 17. Qxe1 Qc5 18. Ne4 Qxf5 19. Nxd6 Bxd6 20. Bxd6
Qxf3 21. Qb4 Ne4 22. Bc5 Qg4+ 23. Kh2 Qh5+ 0-1

[Event "III Festival A"]
[Site "Lido degli Estensi - Comacchio ITA"]
[Date "2002.06.11"]
[Round "4"]
[White "Roeder, Matthias"]
[Black "Vospernik, Andrej"]
[Result "1-0"]
[WhiteElo "2487"]
[BlackElo "2150"]
[PlyCount "39"]
[EventDate "2002.06.07"]

1. d4 Nf6 2. c4 e5 3. dxe5 Ne4 4. Nf3 Bb4+ 5. Nbd2 Nc6 6. a3 Bxd2+ 7. Nxd2 Nxd2
8. Bxd2 Nxe5 9. Bc3 Qe7 10. Qd5 d6 11. c5 Bf5 12. e4 O-O-O 13. cxd6 cxd6 14.
exf5 Nd3+ 15. Kd2 Nxf2 16. f6 Ne4+ 17. Kc2 Nxf6 18. Qf5+ Kb8 19. Bd3 d5 20.
Qe5+ 1-0

[Event "III Festival A"]
[Site "Lido degli Estensi - Comacchio ITA"]
[Date "2002.06.11"]
[Round "4"]
[White "Ronchetti, Niccolo'"]
[Black "Lain, Luigi"]
[Result "1/2-1/2"]
[WhiteElo "2040"]
[BlackElo "2164"]
[PlyCount "65"]
[EventDate "2002.06.07"]

1. e4 e5 2. Nf3 Nc6 3. Bb5 a6 4. Ba4 Nf6 5. O-O b5 6. Bb3 Be7 7. Re1 d6 8. c3
Bg4 9. d3 O-O 10. Nbd2 Na5 11. Bc2 c5 12. Nf1 Nc6 13. h3 Bh5 14. Ng3 Bg6 15. d4
cxd4 16. cxd4 Qc7 17. Be3 Rac8 18. Rc1 Qb7 19. Bb1 Rfd8 20. d5 Na5 21. b3 Rxc1
22. Qxc1 Rc8 23. Qa3 Nc4 24. bxc4 bxc4 25. Qc3 Nxd5 26. exd5 Bxb1 27. Qa5 Bd3
28. Bb6 c3 29. Rc1 c2 30. Nf1 e4 31. Nd4 Rb8 32. Bc7 Rc8 33. Bb6 1/2-1/2

[Event "III Festival A"]
[Site "Lido degli Estensi - Comacchio ITA"]
[Date "2002.06.11"]
[Round "4"]
[White "Sarno, Spartaco"]
[Black "Zelcic, Robert"]
[Result "1-0"]
[WhiteElo "2399"]
[BlackElo "2547"]
[PlyCount "81"]
[EventDate "2002.06.07"]

1. c4 e5 2. Nc3 Nf6 3. Nf3 Nc6 4. g3 d5 5. cxd5 Nxd5 6. Bg2 Nb6 7. O-O Be7 8.
a3 O-O 9. d3 Be6 10. b4 a6 11. Bb2 f5 12. Rc1 Kh8 13. Na4 Nxa4 14. Qxa4 Bd5 15.
Rfd1 Bd6 16. Qc2 Qe8 17. e4 fxe4 18. dxe4 Be6 19. Nh4 Ne7 20. f4 Nc6 21. fxe5
Be7 22. Nf5 Bg5 23. Rb1 g6 24. Rf1 Rd8 25. h4 Be7 26. Nd6 Qd7 27. Nxb7 Nd4 28.
Rxf8+ Rxf8 29. Qd1 Qb5 30. Qxd4 Qxb7 31. Rf1 Rd8 32. Qc3 Qb6+ 33. Kh2 c5 34.
Qe3 Qb5 35. Rf6 Bxf6 36. exf6 Bf7 37. e5 cxb4 38. e6 Qe8 39. Qh6 Qg8 40. exf7
Qxf7 41. axb4 1-0

[Event "III Festival A"]
[Site "Lido degli Estensi - Comacchio ITA"]
[Date "2002.06.11"]
[Round "4"]
[White "Sartori, Spartaco"]
[Black "Naumkin, Igor"]
[Result "0-1"]
[WhiteElo "2262"]
[BlackElo "2433"]
[PlyCount "66"]
[EventDate "2002.06.07"]

1. c4 e5 2. Nc3 Nf6 3. Nf3 Nc6 4. g3 Bb4 5. Bg2 O-O 6. O-O e4 7. Ng5 Bxc3 8.
bxc3 Re8 9. f3 e3 10. d3 d5 11. cxd5 Nxd5 12. Qb3 Na5 13. Qa3 b6 14. f4 Bb7 15.
c4 Nf6 16. Bxb7 Nxb7 17. Bb2 Nc5 18. Rab1 Ng4 19. Qc3 f6 20. Nf3 Qd7 21. Ba3
Na4 22. Qc2 a6 23. Bb2 Nc5 24. Ba3 Ne6 25. Qc3 Nf2 26. Rxf2 exf2+ 27. Kxf2 b5
28. Bb2 c5 29. a3 Kh8 30. f5 Nd4 31. Nxd4 cxd4 32. Qxd4 Qxf5+ 33. Ke1 Rad8 0-1

[Event "III Festival A"]
[Site "Lido degli Estensi - Comacchio ITA"]
[Date "2002.06.11"]
[Round "4"]
[White "Schmitz, Andreas Arnold"]
[Black "Genocchio, Daniele"]
[Result "0-1"]
[WhiteElo "2161"]
[BlackElo "2326"]
[PlyCount "78"]
[EventDate "2002.06.07"]

1. e4 c5 2. c3 d5 3. exd5 Qxd5 4. d4 Nf6 5. Nf3 Bg4 6. Be2 e6 7. Na3 cxd4 8.
Nb5 Qd8 9. Nbxd4 Be7 10. h3 Bh5 11. Qb3 Qc8 12. Bb5+ Nbd7 13. g4 Bg6 14. g5 Ne4
15. Bxd7+ Qxd7 16. Ne5 Nc5 17. Nxd7 Nxb3 18. Nxb3 Kxd7 19. Be3 Bh5 20. f4 f6
21. Nc5+ Bxc5 22. Bxc5 Kc6 23. Be3 fxg5 24. fxg5 Rhf8 25. Rf1 Rfd8 26. Rf4 e5
27. Rh4 g6 28. Rc4+ Kd5 29. Rh4 Ke6 30. Kf2 Rd3 31. Re1 Kd6 32. Re4 b5 33. Kg1
Rf8 34. Bxa7 Rg3+ 35. Kh2 Rxg5 36. b4 Ra8 37. h4 Rf5 38. Bc5+ Ke6 39. Bf8 Raxf8
0-1

[Event "III Festival A"]
[Site "Lido degli Estensi - Comacchio ITA"]
[Date "2002.06.11"]
[Round "4"]
[White "Sciortino, Massimo"]
[Black "Tatai, Stefano"]
[Result "1/2-1/2"]
[WhiteElo "2204"]
[BlackElo "2358"]
[PlyCount "80"]
[EventDate "2002.06.07"]

1. e4 c5 2. f4 Nc6 3. Nf3 g6 4. Bb5 Bg7 5. Bxc6 dxc6 6. Nc3 Nf6 7. O-O O-O 8.
d3 b6 9. Qe1 Ne8 10. Qh4 f5 11. Bd2 Nc7 12. exf5 gxf5 13. Rae1 Rf6 14. Kh1 Ne6
15. Ne2 Rh6 16. Qg3 Nd4 17. Nexd4 cxd4 18. Qg5 Kf8 19. Nh4 Rf6 20. Rf3 Bh6 21.
Qg3 c5 22. Re5 e6 23. Rf1 Bg7 24. Rfe1 Rh6 25. Nxf5 Rg6 26. Qf3 Bb7 27. Qxb7
Bxe5 28. Qxh7 Qf6 29. fxe5 Qxf5 30. Bh6+ Ke8 31. Qh8+ Kd7 32. Qxa8 Rxh6 33.
Qxa7+ Kc6 34. Qa8+ Kc7 35. Qa7+ Kc6 36. Qe7 Qf2 37. Qd6+ Kb7 38. Qd7+ Kb8 39.
Qd8+ Kb7 40. Qd7+ Kb8 1/2-1/2

[Event "III Festival A"]
[Site "Lido degli Estensi - Comacchio ITA"]
[Date "2002.06.11"]
[Round "4"]
[White "Skembris, Spyridon"]
[Black "Kohlweyer, Bernd"]
[Result "1/2-1/2"]
[WhiteElo "2429"]
[BlackElo "2453"]
[PlyCount "47"]
[EventDate "2002.06.07"]

1. d4 d5 2. c4 c6 3. Nf3 Nf6 4. Qc2 dxc4 5. Qxc4 Bf5 6. Nc3 Nbd7 7. g3 e6 8.
Bg2 Be7 9. O-O O-O 10. e3 Ne4 11. Nd2 Nd6 12. Qe2 c5 13. dxc5 Nxc5 14. e4 Bg6
15. b4 Nd7 16. Bb2 Qb6 17. a3 Bf6 18. Na4 Qb5 19. Qxb5 Nxb5 20. Bxf6 Nxf6 21.
e5 Nd5 22. Rfc1 Rac8 23. Rc5 Rxc5 24. Nxc5 1/2-1/2